Comuni della Provincia di Pesaro e Urbino (con mappa) - Statistics

Statistiche generali
  • Questo quiz è stato fatto 44 volte
  • Il punteggio medio è 29 su 50
Risposte nella Mappa
Le risposte nella mappa del quiz sottostante sono codificate secondo una scala di colori dal rosso al verde in base alla % di persone che hanno risposto correttamente.
 
Statistiche sulle risposte
Risposta % Corretto
Fano
100%
Pesaro
100%
Urbino
100%
Tavullia
83%
Acqualagna
79%
Cagli
79%
Gradara
79%
Fossombrone
75%
Mondolfo
75%
Urbania
75%
Gabicce Mare
71%
Carpegna
67%
Pergola
67%
Piobbico
63%
Sant'Ippolito
63%
Apecchio
58%
Colli al Metauro
58%
Mondavio
58%
Terre Roveresche
58%
Vallefoglia
58%
Borgo Pace
54%
Cantiano
54%
Cartoceto
54%
Fermignano
54%
Frontino
54%
Frontone
54%
Lunano
54%
Macerata Feltria
54%
Montelabbate
54%
San Costanzo
54%
San Lorenzo in Campo
54%
Mercatello sul Metauro
50%
Montefelcino
50%
Monte Porzio
50%
Fratte Rosa
46%
Isola del Piano
46%
Monte Grimano Terme
46%
Petriano
46%
Sant'Angelo in Vado
46%
Sassocorvaro Auditore
46%
Serra Sant'Abbondio
46%
Belforte all'Isauro
42%
Mercatino Conca
42%
Mombaroccio
42%
Montecalvo in Foglia
42%
Monte Cerignone
42%
Peglio
42%
Piandimeleto
42%
Tavoleto
42%
Pietrarubbia
38%
Nessun quiz corrispondente trovato
Distribuzione punteggi
Percentuale di utenti per punteggio
Percentile per numero di risposta
I tuoi punteggi nel tempo
Non hai fatto questo quiz